1230 1499 1205 1260 1815 1244 1328 1922 1117 1967 1718 1457 1102 1492 1613 1992 1454 1003 1991 1292 1162 1650 1823 1434 1675 1678 1820 1125 1727 1856 1344 1182 1339 1458 1449 1134 1287 1102 1356 1050 1937 1424 1864 1679 1166 1930 1382 1309 1297 1050 1518 1359 1970 1915 1999 1358 1692 1692 1331 1146 1906 1008 1187 1008 1085 1231 1244 1407 1051 1540 1285 1985 1680 1533 1046 1510 1755 1239 1837 1426 1306 1524 1247 1764 1252 1348 1203 1515 1007 1895 1728 1005 1923 1424 1492 1681 1508 1348 1136 BCNSPRNW ULIB Ver.6.0+V

เปลี่ยนเป็นภาษาไทย

Change to English
 แสดงรายละเอียดบรรณานุกรม
  กลับหน้าหลัก

Brief Record : Get Marc (ISO 2709) : E-mail record : QR code < ปิดหน้าต่าง
LEADER : 00000nam 2200000uu 4500
001    13399120293
003     ULIB
008    120918s2550||||th 000 0 tha d
020    ^a9744662651
041 0  ^atha
060 04 ^aWY157^bว734ก 2550
100 0  ^aวิไลลักษณ์ วงศ์อาษา
245 10 ^aการพยาบาลสตรีที่มีภาวะแทรกซ้อนระยะหลังคลอด/^cวิไลลักษณ์ วงศ์อาษา
250    ^aพิมพ์ครั้งที่ 1
260    ^aกรุงเทพฯ :^bคณะพยาบาลศาสตร์ มหาวิทยาลัยธรรมศาสตร์,^c2550
300    ^a109 หน้า :^bภาพประกอบ ;^c29 ซม.
650  7 ^aการติดเชื้อเต้านม
650  7 ^aการตกเลือดหลังคลอด
650  7 ^aการติดเชื้อหลังคลอด
650  7 ^aการมีเลือดคั่งบริเวณอวัยวะสืบพันธุ์
650  7 ^aภาวะลิ่มเลือดอุดตัน^xหลังคลอด
650  7 ^aมดลูก
650  7 ^aระบบทางเดินปัสสาวะผิดปกติ^xหลังคลอด
650  7 ^aหลอดเลือดดำ^xอักเสบหลังคลอด
650  0 ^aหลังคลอด^xความผิดปกติทางจิต
710 2  ^aมหาวิทยาลัยธรรมศาสตร์. ^bคณะพยาบาลศาสตร์
945    ^p200^l0^i15393
995    ^aวิภา
999 ^a ใช้งานได้ทุกระบบ
รายการนี้ยังไม่มีแท็ก
คุณยังไม่ได้ล็อกอิน คุณสามารถมีกิจกรรมร่วมกับเว็บไซต์ได้ แต่ต้องล็อกอินก่อน ::
  ล็อกอิน

รายการสื่อสารสนเทศ

ลำดับที่ ประเภท เลขเรียก/บาร์โค้ด สถานที่ สถานะ
1. วิทยาศาสตร์การแพทย์ และสุขภาพ
วิทยาศาสตร์การแพทย์ และสุขภาพ
WY157 ว734ก 2550  
  Barcode: 15393
ห้องสมุดวิทยาเขตนครสวรรค์
►ส่วนจัดเก็บหนังสือเก่า นว.
บนชั้น
  ขอยืม

รายการใกล้เคียง
    หัวเรื่อง [มดลูก]

BibComment


ยังไม่เคยถูกคอมเมนท์

คอมเมนท์ทรัพยากรรายการนี้
  คอมเมนท์: การพยาบาลสตรีที่..


 Copyright 2026. Bcnsprnw @Library